书目信息 |
| 题名: |
国际市场营销
|
|
| 作者: | 郭关科 主编 | |
| 分册: | ||
| 出版信息: | 西安 陕西人民出版社 1994 |
|
| 页数: | 264页 | |
| 开本: | 20cm | |
| 丛书名: | ||
| 单 册: | ||
| 中图分类: | G740 | |
| 科图分类: | ||
| 主题词: | 国际市场-市场营销学 , 市场营销学-国际市场 , 教育--类型 | |
| 电子资源: | ||
| ISBN: | 7-224-02316-7 | |
| 000 | 00616nam0 2200229 45 | |
| 001 | 0197027083 | |
| 005 | 20061017091911.07 | |
| 010 | @a7-224-02316-7@dCNY11.00 | |
| 100 | @a19950130d1994 em y0chiy0121 ea | |
| 101 | 0 | @achi |
| 102 | @aCN@b610000 | |
| 105 | @ay z 000yy | |
| 200 | 10 | @a国际市场营销@Aguo ji shi chang ying xiao@f郭关科主编 |
| 210 | @a西安@c陕西人民出版社@d1994 | |
| 215 | @a264页@d20cm | |
| 606 | @a国际市场-市场营销学 | |
| 606 | @a市场营销学-国际市场 | |
| 606 | 0 | @a教育@x类型 |
| 690 | @aG740@v3 | |
| 701 | 0 | @a郭关科@Aguo guan ke@4主编 |
| 801 | 0 | @aCN@bTSSF@c20061017 |
| 905 | @a10447@dG740@e45 | |
| 国际市场营销/郭关科主编.-西安:陕西人民出版社,1994 |
| 264页;20cm |
| ISBN 7-224-02316-7:CNY11.00 |
| ● |
| 相关链接 |
|
|
|
|
正题名:国际市场营销
索取号:G740/45
 
预约/预借
| 序号 | 登录号 | 条形码 | 馆藏地/架位号 | 状态 | 备注 |
| 1 | 0502466 | 205024668 | 密集书库/ [索取号:G740/45] | 在馆 |